Medagliere Sci alpino ai Giochi Olimpici - Statistics

Statistiche generali
  • Questo quiz è stato fatto 56 volte
  • Il punteggio medio è 12 su 14
Statistiche sulle risposte
Medaglie complessive Medaglie d'Oro Medaglie d'Argento Medaglie di Bronzo Rappresentativa olimpica % Corretto
36 14 11 11 Italia
100%
128 40 44 44 Austria
98%
51 16 17 18 Francia
98%
19 8 2 9 Svezia
98%
75 27 23 25 Svizzera
98%
27 12 8 7 Germania
96%
48 17 21 10 Stati Uniti
96%
40 11 14 15 Norvegia
94%
12 4 1 7 Canada
90%
5 2 1 2 Squadra Unificata Tedesca
90%
8 2 3 3 Slovenia
79%
10 4 6 0 Croazia
71%
10 2 2 6 Liechtenstein
54%
9 3 5 1 Germania Ovest
17%
Nessun quiz corrispondente trovato
Distribuzione punteggi
Percentuale di utenti per punteggio
Percentile per numero di risposta
I tuoi punteggi nel tempo
Non hai fatto questo quiz